| 000 | 00744cam a2200157 a 4500 | ||
|---|---|---|---|
| 999 |
_c7078 _d7078 |
||
| 020 | _a9780321826695 | ||
| 050 | 0 | 0 |
_aQA303.2 _b.C354 2013 |
| 245 | 0 | 0 |
_aCalculus for scientists and engineers / _cWilliam L. Briggs ... [et al.]. |
| 260 |
_aBoston : _bPearson Education, _cc2013. |
||
| 300 |
_axx, 1182, p. : _bill.(some color) ; _c29 cm |
||
| 500 | _aIncludes index. | ||
| 505 | _aPreface / Symbols / Nature of Mathematics in General / Nature of Calculus in General / Sequences and Series / Continuity and Derivatives / Integration / Applications of Integrals / Appendix A: Construction of Real Numbers / Appendix B: Construction of Ifinitesimals / Answers to Exercises / Index. | ||
| 650 | 0 | _aCalculus | |
| 700 | 1 | _aBriggs, William L. | |
| 942 | _cBK | ||